<?xml version="1.0" encoding="UTF-8"?>
<record
    xmlns:xsi="http://www.w3.org/2001/XMLSchema-instance"
    xsi:schemaLocation="http://www.loc.gov/MARC21/slim http://www.loc.gov/standards/marcxml/schema/MARC21slim.xsd"
    xmlns="http://www.loc.gov/MARC21/slim">

  <leader>01075nam a2200241 a 4500</leader>
  <controlfield tag="001"> 80164) </controlfield>
  <controlfield tag="003">BD-RjUL</controlfield>
  <controlfield tag="005">20220803144652.0</controlfield>
  <controlfield tag="008">220802s||||    pk            000 0 urd d</controlfield>
  <datafield tag="035" ind1=" " ind2=" ">
    <subfield code="a">(BD-RjUL) 80164) </subfield>
  </datafield>
  <datafield tag="040" ind1=" " ind2=" ">
    <subfield code="a">BIC</subfield>
    <subfield code="b">eng</subfield>
    <subfield code="c">BD-RjUL</subfield>
  </datafield>
  <datafield tag="041" ind1=" " ind2=" ">
    <subfield code="a">urd</subfield>
  </datafield>
  <datafield tag="082" ind1=" " ind2=" ">
    <subfield code="2">23</subfield>
    <subfield code="a">297.18</subfield>
    <subfield code="b">DAH</subfield>
  </datafield>
  <datafield tag="100" ind1="1" ind2=" ">
    <subfield code="a">&#x627;&#x644;&#x62F;&#x647;&#x644;&#x648;&#x64A;&#x60C; &#x623;&#x628;&#x648; &#x639;&#x628;&#x62F;&#x627;&#x644;&#x639;&#x632;&#x64A;&#x632; &#x623;&#x62D;&#x645;&#x62F; &#x634;&#x627;&#x647; &#x648;&#x644;&#x64A; &#x627;&#x644;&#x644;&#x647; &#x628;&#x646; &#x639;&#x628;&#x62F;&#x627;&#x644;&#x631;&#x62D;&#x64A;&#x645; &#x627;&#x644;&#x639;&#x645;&#x631;&#x64A;&#x60C;[Dahlawi, Abu Abdulaziz Ahmed Shah Wali Allah bin Abdul Rahim Al-Omari,]</subfield>
    <subfield code="d">1114-1176 &#x647;&#x62C;&#x631;&#x64A;[1699-1762 &#x645;.]</subfield>
    <subfield code="9">4260</subfield>
  </datafield>
  <datafield tag="245" ind1="1" ind2="0">
    <subfield code="a">&#x62D;&#x62C;&#x629; &#x627;&#x644;&#x644;&#x647; &#x627;&#x644;&#x628;&#x627;&#x644;&#x63A;&#x629; /   hijat allah albalighat  /</subfield>
    <subfield code="c">&#x634;&#x627;&#x647; &#x648;&#x644;&#x64A; &#x627;&#x644;&#x644;&#x647; &#x627;&#x644;&#x62F;&#x647;&#x644;&#x648;&#x64A;.&#x62D;&#x635;&#x647; &#x62F;&#x648;&#x645; &#x639;&#x628;&#x62F;  &#x627;&#x644;&#x631;&#x62D;&#x64A;&#x645;[Shah Wali Allah Dahlawi. Hessa Dom Abdul Rahim[</subfield>
  </datafield>
  <datafield tag="260" ind1=" " ind2=" ">
    <subfield code="a">Lahore :</subfield>
    <subfield code="b">Qawmi kitab khana</subfield>
    <subfield code="c">1962</subfield>
  </datafield>
  <datafield tag="300" ind1=" " ind2=" ">
    <subfield code="a">842&#x635;. :</subfield>
    <subfield code="b">1-2 &#x62C;. ;</subfield>
    <subfield code="c">30 &#x633;&#x645;.</subfield>
  </datafield>
  <datafield tag="505" ind1=" " ind2=" ">
    <subfield code="a">Vol. 2.--</subfield>
  </datafield>
  <datafield tag="650" ind1=" " ind2="7">
    <subfield code="a">&#x627;&#x644;&#x641;&#x642;&#x647; &#x627;&#x644;&#x627;&#x633;&#x644;&#x627;&#x645;&#x64A;.</subfield>
    <subfield code="2">BIC</subfield>
    <subfield code="9">432</subfield>
  </datafield>
  <datafield tag="650" ind1=" " ind2="7">
    <subfield code="a">&#x627;&#x644;&#x639;&#x628;&#x627;&#x62F;&#x627;&#x62A; (&#x641;&#x642;&#x647; &#x627;&#x633;&#x644;&#x627;&#x645;&#x64A;)</subfield>
    <subfield code="2">BIC</subfield>
    <subfield code="9">4261</subfield>
  </datafield>
  <datafield tag="650" ind1=" " ind2="7">
    <subfield code="a">&#x627;&#x644;&#x645;&#x639;&#x627;&#x645;&#x644;&#x627;&#x62A; (&#x641;&#x642;&#x647; &#x627;&#x633;&#x644;&#x627;&#x645;&#x64A;)</subfield>
    <subfield code="2">BIC</subfield>
    <subfield code="9">4262</subfield>
  </datafield>
  <datafield tag="942" ind1=" " ind2=" ">
    <subfield code="2">ddc</subfield>
    <subfield code="c">BK</subfield>
  </datafield>
  <datafield tag="999" ind1=" " ind2=" ">
    <subfield code="c">80164</subfield>
    <subfield code="d">80164</subfield>
  </datafield>
  <datafield tag="952" ind1=" " ind2=" ">
    <subfield code="0">0</subfield>
    <subfield code="1">0</subfield>
    <subfield code="2">ddc</subfield>
    <subfield code="4">0</subfield>
    <subfield code="7">1</subfield>
    <subfield code="8">NFIC</subfield>
    <subfield code="a">RUCL</subfield>
    <subfield code="b">RUCL</subfield>
    <subfield code="c">Reading</subfield>
    <subfield code="d">2022-08-03</subfield>
    <subfield code="o">U 297.18 V.2 DAH 1947</subfield>
    <subfield code="r">2022-08-03 00:00:00</subfield>
    <subfield code="t">C-1</subfield>
    <subfield code="y">BK</subfield>
  </datafield>
  <datafield tag="952" ind1=" " ind2=" ">
    <subfield code="0">0</subfield>
    <subfield code="1">0</subfield>
    <subfield code="2">ddc</subfield>
    <subfield code="4">0</subfield>
    <subfield code="7">1</subfield>
    <subfield code="8">NFIC</subfield>
    <subfield code="a">RUCL</subfield>
    <subfield code="b">RUCL</subfield>
    <subfield code="c">Reading</subfield>
    <subfield code="d">1969-09-19</subfield>
    <subfield code="e">pakistan book center</subfield>
    <subfield code="g">40.00</subfield>
    <subfield code="l">0</subfield>
    <subfield code="o">U 297.18 V.1 DAH 1962</subfield>
    <subfield code="r">2022-10-24 00:00:00</subfield>
    <subfield code="t">C-1</subfield>
    <subfield code="w">2022-10-24</subfield>
    <subfield code="y">BK</subfield>
  </datafield>
</record>
